|
|
|
|
| LEADER |
02249nam a22004455i 4500 |
| 001 |
978-1-4020-8126-2 |
| 003 |
DE-He213 |
| 005 |
20150519185618.0 |
| 007 |
cr nn 008mamaa |
| 008 |
100301s2004 xxu| s |||| 0|eng d |
| 020 |
|
|
|a 9781402081262
|9 978-1-4020-8126-2
|
| 024 |
7 |
|
|a 10.1007/b111191
|2 doi
|
| 040 |
|
|
|d GrThAP
|
| 050 |
|
4 |
|a RC681-688.2
|
| 072 |
|
7 |
|a MJD
|2 bicssc
|
| 072 |
|
7 |
|a MED010000
|2 bisacsh
|
| 082 |
0 |
4 |
|a 616.12
|2 23
|
| 245 |
1 |
0 |
|a Arteriogenesis
|h [electronic resource] /
|c edited by Wolfgang Schaper, Jutta Schaper.
|
| 264 |
|
1 |
|a Boston, MA :
|b Springer US,
|c 2004.
|
| 300 |
|
|
|a XIV, 378 p.
|b online resource.
|
| 336 |
|
|
|a text
|b txt
|2 rdacontent
|
| 337 |
|
|
|a computer
|b c
|2 rdamedia
|
| 338 |
|
|
|a online resource
|b cr
|2 rdacarrier
|
| 347 |
|
|
|a text file
|b PDF
|2 rda
|
| 490 |
1 |
|
|a Basic Science for the Cardiologist,
|x 1566-0753 ;
|v 17
|
| 505 |
0 |
|
|a Embryonic Development of Collateral Arteries -- Structural Remodeling during Growth of Collateral Vessels -- Magnetic Resonance Imaging -- Physical Forces and their Translation into Molecular Mechanisms -- Role of Hypoxia/lschemia/VEGF-A, and Strain Differences -- Monocytes and Cytokines -- Bone Marrow-Derived Cells -- Cell - Cell and Cell - Matrix Interactions -- Fibroblast Growth Factors -- Signal Transduction Pathways in Smooth Muscle Cells -- Expression Profiling of Growing Collateral Arteries/Hunting for New Genes -- Theory of Arteriogenesis -- Effects of Physical Activity -- Cerebral Arteriogenesis -- The Coronary Collateral Circulation in Man -- Function of the Coronary Collateral Circulation in Man -- Collateral Circulation in Clinical Practice -- Arteriogenesis and Atherosclerosis: Strange Bedfellows.
|
| 650 |
|
0 |
|a Medicine.
|
| 650 |
|
0 |
|a Cardiology.
|
| 650 |
1 |
4 |
|a Medicine & Public Health.
|
| 650 |
2 |
4 |
|a Cardiology.
|
| 700 |
1 |
|
|a Schaper, Wolfgang.
|e editor.
|
| 700 |
1 |
|
|a Schaper, Jutta.
|e editor.
|
| 710 |
2 |
|
|a SpringerLink (Online service)
|
| 773 |
0 |
|
|t Springer eBooks
|
| 776 |
0 |
8 |
|i Printed edition:
|z 9781402081255
|
| 830 |
|
0 |
|a Basic Science for the Cardiologist,
|x 1566-0753 ;
|v 17
|
| 856 |
4 |
0 |
|u http://dx.doi.org/10.1007/b111191
|z Full Text via HEAL-Link
|
| 912 |
|
|
|a ZDB-2-SME
|
| 912 |
|
|
|a ZDB-2-BAE
|
| 950 |
|
|
|a Medicine (Springer-11650)
|